000 00985nam a22002297a 4500
005 20110520153650.0
008 110520t xxu||||| |||| 00| 0 mar d
010 _aMAR-20848
020 _a9788184980844
_c80.00
035 _aMR-13506
037 _bDBAD/PUB
040 _aDPL
_bMR
082 _a891.463
100 _aजोशी,मालती
_928213
245 _aशल्य /
_cमालती जोशी
246 _aShalaya
_bby Malti Joshi
260 _aपुणे
_bमेहता पब्लिशिंग हाऊस
_c2009
270 _a1941,सदाशिव पेठ माडीवाले कॉलनी
_bपुणे
_e411030
300 _aपाच,96 पृ
_c21 सेमी (अजिल्द)
942 _2ddc
_cMR
_h891.463
_mजोशीमा
999 _c52497
_d52497